Development and Employment in Kenya (Record no. 2995)

MARC details
000 -LEADER
fixed length control field 00310nam a22001097a 4500
008 - FIXED-LENGTH DATA ELEMENTS--GENERAL INFORMATION
fixed length control field 230629b xxu||||| |||| 00| 0 eng d
082 ## - DEWEY DECIMAL CLASSIFICATION NUMBER
Classification number 338.9
Item number NDE 1991
245 ## - TITLE STATEMENT
Title Development and Employment in Kenya
Remainder of title A Strategy for the Transformation of the Economy
260 ## - PUBLICATION, DISTRIBUTION, ETC. (IMPRINT)
Date of publication, distribution, etc. 1991
300 ## - PHYSICAL DESCRIPTION
Extent VII,279p
942 ## - ADDED ENTRY ELEMENTS (KOHA)
Source of classification or shelving scheme Dewey Decimal Classification
Koha item type Books
Holdings
Withdrawn status Lost status Source of classification or shelving scheme Damaged status Not for loan Home library Current library Date acquired Total Checkouts Full call number Barcode Date last seen Price effective from Koha item type
    Dewey Decimal Classification     County Hall Archives County Hall Archives 06/29/2023   338.9 NDE 1991 10012236 06/29/2023 06/29/2023 Books
    Dewey Decimal Classification     County Hall Archives County Hall Archives 06/29/2023   338.9 NDE 1991 10012235 06/29/2023 06/29/2023 Books
    Dewey Decimal Classification     County Hall Archives County Hall Archives 06/29/2023   338.9 NDE 1991 10012234 06/29/2023 06/29/2023 Books
    Dewey Decimal Classification     County Hall Archives County Hall Archives 06/29/2023   338.9 NDE 1991 10012237 06/29/2023 06/29/2023 Books
LIBRARY OPENING HOURS

When the Parliament is sitting: 8.00a.m - 7.00p.m or until the house adjourns
Mondays and Fridays and when the House is on Recess:  8.00a.m - 5.00p.m
Closed on Weekends and Public Holidays

Online Public Access Catalog (OPAC)
Website: http://www.parliament.go.ke
Bunge Library: https://libraryir.parliament.go.ke
Contact: library@parliament.go.ke | Tel no: (254-2)2221291 or 2848000 Ext 5043